| 000 | 01210cab a2200337 4500 | ||
|---|---|---|---|
| 001 | WB2930-65 | ||
| 008 | 090401t xxu||||| |||| 00| 0 eng d | ||
| 035 | _a(Sirsi) u91463 | ||
| 041 | _aeng | ||
| 245 | _a`Green farming` incentives | ||
| 260 | _c(266/93) 10 August 1993(19) | ||
| 350 | _a0 | ||
| 490 |
_aFinancial Times _v11 August 1993, 6 |
||
| 490 |
_aDaily Telegraph _v11 August 1993, 16 |
||
| 490 |
_aScotsman _v11 August 1993, 16 |
||
| 490 |
_aMAFF News Release _v(266/93) 10 August 1993(19) |
||
| 520 | _aDiscusses the varied responses to a Government announcement of a £30m package to promote preservation of the countryside by farmers and allow greater public access onto farmland. Includes comment on the implications for farmers and crofters in Scotland. | ||
| 650 | _aACCESS TO THE COUNTRYSIDE | ||
| 650 | _aAGRI-ENVIRONMENT PACKAGE | ||
| 650 | _aCAP REFORM | ||
| 650 | _aENVIRONMENTALLY FRIENDLY FARMING | ||
| 650 | _aENVIRONMENTALLY SENSITIVE AREAS | ||
| 650 | _aFARMING | ||
| 650 | _aHABITAT SCHEME | ||
| 650 | _aHEATHER MOORLAND SCHEME | ||
| 650 | _aORGANIC AID SCHEME | ||
| 650 | _aSET-ASIDE ACCESS | ||
| 690 | _aRURAL PRACTICE | ||
| 942 | _n0 | ||
| 948 | _c04/03/1997 | ||
| 999 |
_c58066 _d58066 |
||